Music Quiz

Random Music or Clickable Quiz

Pick the British Band Quiz Stats

Quiz Updated Dec 4, 2017

Also try: British Invasion
Challenge
Share
Tweet
Embed
Score 0/36 Timer 04:00
6 Plays Today
% Correct
The Beatles
96.1%
The Who
93.1%
The Rolling Stones
92.2%
Queen
91.1%
Coldplay
90.5%
Oasis
90.2%
Pink Floyd
89.7%
The Clash
89.2%
The Kinks
88.4%
Arctic Monkeys
87%
Genesis
85.4%
Black Sabbath
85%
Blur
83.8%
Muse
83.2%
The Smiths
83.1%
Radiohead
82.4%
Pet Shop Boys
81.8%
Led Zeppelin
81.7%
% Correct
Cream
79.5%
Animals
78.6%
The Yardbirds
75.6%
Dire Straits
75.1%
Deep Purple
75%
Status Quo
74.7%
Iron Maiden
74.6%
The Libertines
72.9%
Yes
72.4%
Faces
72.1%
Jethro Tull
69.6%
Def Leppard
65.7%
Primal Scream
65.6%
Hot Chocolate
62.3%
Free
61.2%
Bauhaus
60.6%
Bad Company
57.2%
Nazareth
53.9%

You're not logged in!

Compare scores with friends on all Sporcle quizzes.
Sign Up with Email
OR
Log In

You Might Also Like...

Show Comments

Extras

Top Quizzes Today


Score Distribution

Your Account Isn't Verified!

In order to create a playlist on Sporcle, you need to verify the email address you used during registration. Go to your Sporcle Settings to finish the process.